000 00664nam a2200205Ii 4500
003 JO-AjNU
008 230605s9999||||xx |||||||||||||| ||und||
017 _a2008/12/4096
040 _aJO-AjNU
_bara
_erda
_cJO-AjNU
041 _aara
050 1 4 _aZ692.C65.B833 2009
100 3 _aبدير ، جمال يوسف,
_eauthor
_948464
245 0 0 _aالمكتبات الالكترونية والرقمية
264 3 1 _aعمان : المؤلف ،2009
300 _a292ص
336 _atext
_btxt
_2rdacontent
337 _aunmediated
_bn
_2rdamedia
338 _avolume
_bnc
_2rdacarrier
650 4 _aالمكتبة الالكترونية-المكتبات
_948465
999 _aA21226
_c24794
_d24794